La representación política.
Na minha lista:
| Autor principal: | |
|---|---|
| Formato: | Livro |
| Idioma: | inglês |
| Publicado em: |
Madrid, España:
Marcial Pons; Ediciones Jurídicas y Sociales,
2011.
|
| Colecção: | Prudentia iuris.
|
| Assuntos: | |
| Tags: |
Adicionar Tag
Sem tags, seja o primeiro a adicionar uma tag!
|
MARC
| LEADER | 00000nam a22000007a 4500 | ||
|---|---|---|---|
| 003 | CL-VaPUC | ||
| 005 | 20220822114757.0 | ||
| 008 | 220801t2011 ||||| |||| 00| 0 eng d | ||
| 999 | |c 437826 |d 437824 | ||
| 020 | |a 978-84-9768-877-2 | ||
| 040 | |c Pontificia Universidad Católica de Valparaíso | ||
| 082 | |2 22 |a 321.8 SOU 2011 | ||
| 100 | |9 872911 |a Sousa, José Pedro Galvão de |e autor | ||
| 245 | |a La representación política. | ||
| 260 | |a Madrid, España: |b Marcial Pons; |b Ediciones Jurídicas y Sociales, |c 2011. | ||
| 300 | |a 167 páginas. | ||
| 490 | |a Prudentia iuris. | ||
| 500 | |a c.1 Donación Familia Prof. Alejandro Guzmán Brito. | ||
| 583 | |c 20220801 |k Yessy Sthefany Diaz Vidal | ||
| 650 | 0 | |9 258886 |a Gobierno representativo | |
| 650 | 0 | |a Representación política |9 362081 | |
| 650 | 0 | |9 324218 |a Ciencia política |x Derecho | |
| 942 | |2 ddc |c BK |n 0 | ||
| 952 | |0 0 |1 0 |2 ddc |4 0 |6 321_800000000000000_SOU_2011 |7 1 |8 C_AGB |9 585656 |a BIBDER |b BIBDER |d 2022-08-01 |e Donación |i 5653582 |o 321.8 SOU 2011 |p 5653582 |r 2023-01-25 |t 1 |w 2022-08-01 |y BK_US |k AGB | ||